000 00902nam a2200277 i 4500
003 DO-SdBNP
005 20250722144049.0
007 ta
008 250722s1998 dr a b 000 p spa d
040 _aDO-SdBNP
_bspa
_cBNPHU
_erda
041 _aspa
082 _axxxx
_bC822
_222
100 1 _aCoronado, Carmen Dinorah
_eautora
_91222
_4aut.
245 1 0 _aAlma de niños /
_cCarmen D. Coronado ; producido, Ursula Beckermann.
246 1 _aAlma de niños :
_b(libro para leer y colorear) /
250 _aSegunda edición
264 1 _aSanto Domingo :
_bEditora Corripio,
_c1998.
300 _a152 páginas :
_bilustraciones ;
_c19 cm.
336 _atexto
_btxt
_2rdacontent
337 _asin mediación
_bn
_2rdamedia
338 _avolumen
_bnc
_2rdacarrier
590 _aInventariado, 2025/ YL
700 1 _aBeckermann, Ursula,
_eproducción.
_973239
_4pr.
910 _aYLockward
942 _2ddc
_cLBS1
999 _c59612
_d59612